000 01549 a2200229 4500
001 54588
005 20260407155820.0
008 260407a2003 arg spa d
003 AR-UNSa-BCEJYS
040 _aAR-UNSa-BCEJYS
_bspa
_cAR-UNSa-BCEJYS
080 _a316.421:339.9
_xOrigen de las sociedades globales y estructura social, económico, político y cultural (Globalización)
245 1 0 _aOrigen y transformación del estado argentino en periodos de globalización
020 _a950-786-349-4
264 1 _aBuenos Aires :
_bBiblos
_c2003
300 _a202 p.
_c22,5 cm.
505 _a1. La globalización y el Estado moderno: ¿extinción o transformación? – 2. Los Rivarola y la política Argentina del Centenario – 3. Mayo de 1910 a través de la mirada de los diarios La Prensa y La Vanguardia – 4. La representación discursiva de la identidad nacional durante la década del 20: inmigración y nacionalismo en la Argentina – 5. Globalización y educación: análisis de portales educativos en español – 6. La privatización de la desocupación y la pobreza: el rol del Estado y de la empresa social en las representaciones sociales de la indigencia – 7. La legitimidad de la deuda externa en la prensa escrita Argentina – 8. El estado Argentino ante la globalización y la justicia – 9. La globalización y las cuestiones de justicia internacional.
942 _cBK
590 _aniveau_biblio:m niveau_hierar:0
100 1 _aOrtiz, Tulio E.
700 1 _aPardo, Maria Laura
700 1 _aNoblia, María Valentina
999 _c5663
_d5663